Score 0/14 Timer 04:00
0 Plays Today
Character % Correct
Harry Potter
99.8%
Ron Weasley
99.2%
Hermione Granger
98%
Albus Dumbledore
90.8%
Severus Snape
90.3%
Rubeus Hagrid
83.4%
Ginny Weasley
79.9%
Character % Correct
Fred Weasley
79%
George Weasley
78.9%
Draco Malfoy
75.7%
Neville Longbottom
74.1%
Seamus Finnigan
45.3%
Gregory Goyle
34.9%
Peter Pettigrew
17.3%
Remove Ads.
Support Sporcle.
Get the best of Sporcle when you Go Orange. This ad-free experience offers more features, more stats, and more fun while also helping to support Sporcle. Thank you for becoming a member.

You're not logged in!

Compare scores with friends on all Sporcle quizzes.
OR
Log In

Show Comments

Extras

Top Quizzes Today


Score Distribution

Your Account Isn't Verified!

In order to create a playlist on Sporcle, you need to verify the email address you used during registration. Go to your Sporcle Settings to finish the process.

Report this User

Report this user for behavior that violates our Community Guidelines.

Details: